[Event "CRO-chT4 South"]
[Site "Zadar"]
[Date "2013.04.28"]
[Round "1.1"]
[White "Juric, Boris"]
[Black "Baret, Antoine"]
[Result "1/2-1/2"]
[WhiteElo "1869"]
[BlackElo "2062"]
[PlyCount "83"]
[EventDate "2013.04.28"]
[EventType "team-tourn"]
[EventRounds "7"]
[EventCountry "CRO"]
[SourceTitle "EXT 2014"]
[Source "ChessBase"]
[SourceDate "2013.11.20"]
[SourceVersion "1"]
[SourceVersionDate "2013.11.20"]
[SourceQuality "1"]
[WhiteTeam "Brodarica"]
[BlackTeam "Split Student"]
[WhiteTeamCountry "CRO"]
[BlackTeamCountry "CRO"]

1. e4 c6 2. d4 d5 3. Nc3 dxe4 4. Nxe4 Nd7 5. Nf3 Ngf6 6. Nxf6+ Nxf6 7. Bc4 Bf5 8. Ne5 e6 9. g4 Be4 10. f3 Bd5 11. Kf2 Bxc4 12. Nxc4 c5 13. c3 a6 14. h3 Be7 15. dxc5 Bxc5+ 16. Be3 Qc7 17. Bxc5 Qxc5+ 18. Qd4 Qxd4+ 19. cxd4 Ke7 20. Rhd1 Rac8 21. Rac1 Rhd8 22. Nb6 Rxc1 23. Rxc1 Nd5 24. Nxd5+ Rxd5 25. Rc7+ Rd7 26. Rxd7+ Kxd7 27. Ke3 g5 28. Ke4 Kd6 29. b3 b6 30. f4 gxf4 31. h4 f6 32. Kxf4 Kd5 33. Ke3 b5 34. a3 h6 35. Kd3 a5 36. h5 a4 37. b4 Kc6 38. Kc2 Kd6 39. Kd2 Ke7 40. Ke3 Kd7 41. Ke2 Kd6 42. Kd2 1/2-1/2

[Event "SLO-chT Central Superliga 11th"]
[Site "Slovenia"]
[Date "2010.11.18"]
[Round "9.4"]
[White "Baret, Antoine"]
[Black "Debevec, Blaz"]
[Result "1/2-1/2"]
[WhiteElo "2061"]
[BlackElo "2010"]
[PlyCount "108"]
[EventDate "2010.09.09"]
[EventType "team-tourn"]
[EventRounds "9"]
[EventCountry "SLO"]
[SourceTitle "EXT 2022"]
[Source "ChessBase"]
[SourceDate "2021.10.06"]
[SourceVersion "1"]
[SourceVersionDate "2021.10.06"]
[SourceQuality "1"]
[WhiteTeam "Podpec MKK"]
[BlackTeam "Komenda Popotnik"]
[WhiteTeamCountry "SLO"]
[BlackTeamCountry "SLO"]

1. Nf3 d5 2. d4 Nf6 3. Bf4 c6 4. e3 Bf5 5. c4 e6 6. a3 Bd6 7. Bxd6 Qxd6 8. Be2 0-0 9. 0-0 Nbd7 10. Nc3 Rfd8 11. b4 dxc4 12. Bxc4 e5 13. dxe5 Nxe5 14. Qxd6 Nxf3+ 15. gxf3 Rxd6 16. Rfd1 Rad8 17. Rxd6 Rxd6 18. Rd1 Rxd1+ 19. Nxd1 Kf8 20. Kf1 Ke7 21. Ke2 Be6 22. Nb2 Nd7 23. Kd2 Ne5 24. Be2 Kd6 25. Kc3 b6 26. f4 Nd7 27. Nd3 f6 28. Bf3 g6 29. Bd1 Bd5 30. Bg4 f5 31. Be2 c5 32. f3 Bc6 33. Kc4 cxb4 34. Nxb4 Nc5 35. Nxc6 Kxc6 36. Kd4 Kd6 37. Bc4 Ne6+ 38. Bxe6 Kxe6 39. e4 Kd6 40. Kc4 fxe4 41. fxe4 a6 42. Kd4 Ke6 43. h3 Kd6 44. h4 h6 45. e5+ Ke6 46. Ke4 b5 47. Kd4 a5 48. Kc5 b4 49. axb4 axb4 50. Kxb4 g5 51. fxg5 hxg5 52. hxg5 Kxe5 53. Kc4 Kf5 54. Kd4 Kxg5 1/2-1/2

[Event "SLO-chT2 West"]
[Site "Slovenia"]
[Date "2010.11.07"]
[Round "4.5"]
[White "Vukadinovic, Bojan"]
[Black "Baret, Antoine"]
[Result "0-1"]
[WhiteElo "1569"]
[BlackElo "2061"]
[PlyCount "76"]
[EventDate "2010.11.05"]
[EventType "team-tourn"]
[EventRounds "9"]
[EventCountry "SLO"]
[SourceTitle "EXT 2022"]
[Source "ChessBase"]
[SourceDate "2021.10.06"]
[SourceVersion "1"]
[SourceVersionDate "2021.10.06"]
[SourceQuality "1"]

1. e4 c6 2. Nf3 d5 3. exd5 cxd5 4. d4 Nc6 5. h3 Bf5 6. a3 Nf6 7. Be2 e6 8. c4 Be7 9. 0-0 h6 10. Nc3 0-0 11. Re1 Rc8 12. b4 dxc4 13. Be3 Nd5 14. Rc1 Nxc3 15. Rxc3 b5 16. Qc1 Bf6 17. Rd1 Ne7 18. a4 a6 19. Ne5 Nd5 20. Ra3 Nxb4 21. axb5 axb5 22. Ra7 Rc7 23. Qa3 Nc2 24. Qa6 Rxa7 25. Qxa7 Nxe3 26. fxe3 Bxe5 27. dxe5 Qg5 28. Kh2 Be4 29. Bf1 Qxe5+ 30. Kg1 c3 31. Qa3 c2 32. Rc1 Rc8 33. Qb4 Bd3 34. Qd2 Bxf1 35. Kxf1 b4 36. Qxb4 Qxe3 37. Qb2 Qd2 38. Kg1 e5 0-1

[Event "SLO-chT2 West"]
[Site "Slovenia"]
[Date "2010.11.05"]
[Round "1.5"]
[White "Baret, Antoine"]
[Black "Kovac, Alojz"]
[Result "1-0"]
[WhiteElo "2061"]
[BlackElo "1980"]
[PlyCount "123"]
[EventDate "2010.11.05"]
[EventType "team-tourn"]
[EventRounds "9"]
[EventCountry "SLO"]
[SourceTitle "EXT 2022"]
[Source "ChessBase"]
[SourceDate "2021.10.06"]
[SourceVersion "1"]
[SourceVersionDate "2021.10.06"]
[SourceQuality "1"]

1. d4 Nf6 2. b4 d5 3. Nf3 Bf5 4. e3 e6 5. a3 Bd6 6. c4 dxc4 7. Bxc4 c6 8. 0-0 Nbd7 9. Bb2 Qc7 10. Nbd2 0-0 11. Re1 Ne4 12. Nxe4 Bxe4 13. h3 Nb6 14. Bf1 Bxf3 15. Qxf3 e5 16. Rac1 Qe7 17. dxe5 Bxe5 18. Bxe5 Qxe5 19. Qe2 Rfd8 20. Red1 Rd5 21. Rxd5 Qxd5 22. Rd1 Qb3 23. Qd3 Qxd3 24. Bxd3 Re8 25. Kf1 h6 26. Bc2 Kf8 27. Rd4 Re5 28. Bb3 Re7 29. Ke2 Rd7 30. Kd3 Rxd4+ 31. Kxd4 Ke7 32. f4 f6 33. h4 Kd6 34. Ke4 Nd7 35. Kf5 Nf8 36. e4 Ke7 37. h5 Nd7 38. Kg6 Kf8 39. Be6 Nb8 40. Kf5 b6 41. e5 fxe5 42. Kxe5 Ke7 43. Bc8 Kd8 44. Bf5 Ke7 45. g4 Na6 46. Bd3 Nc7 47. Bc4 Ne8 48. g5 Nd6 49. Bd3 Nf7+ 50. Kf5 Nd6+ 51. Kg6 hxg5 52. fxg5 Kf8 53. Bc2 Kg8 54. Bb3+ Kh8 55. h6 gxh6 56. Kxh6 c5 57. bxc5 bxc5 58. Kg6 c4 59. Bc2 Kg8 60. Kf6 Nb5 61. g6 Nd4 62. Be4 1-0

[Event "FRA-chT2B 0506"]
[Site "France"]
[Date "2006.04.01"]
[Round "10.6"]
[White "Baret, Antoine"]
[Black "Derieux, Christian"]
[Result "1-0"]
[WhiteElo "2113"]
[BlackElo "2135"]
[PlyCount "99"]
[EventDate "2005.10.27"]
[EventType "team-tourn"]
[EventRounds "11"]
[EventCountry "FRA"]
[SourceTitle "EXT 2006"]
[Source "ChessBase"]
[SourceDate "2005.11.24"]
[SourceVersion "1"]
[SourceVersionDate "2005.11.24"]
[SourceQuality "1"]
[WhiteTeam "Clichy II"]
[BlackTeam "Lutece"]
[WhiteTeamCountry "FRA"]
[BlackTeamCountry "FRA"]

1. b4 e5 2. Bb2 d6 3. e3 Nf6 4. c4 Nbd7 5. Nc3 c6 6. Qb3 Be7 7. Nf3 a5 8. a3 e4 9. Ng5 d5 10. cxd5 cxd5 11. Nxd5 Nxd5 12. Nxf7 Kxf7 13. Qxd5+ Kf8 14. Bc4 Qe8 15. Qxe4 Bf6 16. Qf3 axb4 17. d4 Qe7 18. 0-0 Nb6 19. Bb3 bxa3 20. Bc1 Be6 21. Bxe6 Qxe6 22. Bxa3+ Kf7 23. e4 Kg6 24. e5 Be7 25. Qe4+ Kh6 26. Bc1+ g5 27. Rxa8 Rxa8 28. h4 Qd5 29. hxg5+ Kg7 30. Qh4 Nd7 31. Qh6+ Kg8 32. g6 Nf8 33. gxh7+ Nxh7 34. Be3 b5 35. f4 Ra2 36. Qg6+ Kh8 37. f5 Bg5 38. Qe8+ Kg7 39. f6+ Kh6 40. Bf2 Bh4 41. g3 Ng5 42. Qh8+ Kg6 43. Qg7+ Kh5 44. gxh4 Nf3+ 45. Kh1 Nxh4+ 46. Kh2 Nf3+ 47. Kg3 Ra3 48. Qg4+ Kh6 49. Be3+ Rxe3 50. Qf4+ 1-0